Prevenció de riscos laborals : manual d'acollida manual d'acollida
Descripción Física:
25 pàgines : il·lustracions ; 30 cm
Materias:
Seguretat en el treball -- Manuals, guies, etc.
; Salut en el treball -- Manuals, guies, etc.
; Manuals, vademècums, etc.
Idioma:
Catalán
MARC
| LEADER | 00000nam a2200000 a 4500 | ||
|---|---|---|---|
| 001 | 24634 | ||
| 008 | 220602b spa||||| |||| 00| 0 cat d | ||
| 080 | |a FU-70-18 | ||
| 245 | |a Prevenció de riscos laborals : |b manual d'acollida | ||
| 260 | |a Barcelona : |b Diputació de Barcelona. |c [2014?] | ||
| 300 | |a 25 pàgines : |b il·lustracions ; |c 30 cm | ||
| 590 | |a Bibliografia | ||
| 650 | 0 | |a Seguretat en el treball |x Manuals, guies, etc. |9 45811 | |
| 650 | 0 | |a Salut en el treball |x Manuals, guies, etc. |9 45812 | |
| 655 | 0 | |9 52956 |a Manuals, vademècums, etc. | |
| 710 | |a Barcelona (Catalunya : Província). |b Oficina de Prevenció de Riscos Laborals |9 52182 | ||
| 901 | |a Arxiu | ||
| 942 | |n 1 |2 udc |c ARXIU | ||
| 952 | |0 0 |1 0 |4 0 |6 FU7018 |7 1 |9 62156 |a Arxiu |b Arxiu |d 2022-06-02 |l 0 |o FU-70-18 |p 24634 |r 2022-06-02 00:00:00 |w 2022-06-02 |y ARXIU | ||
| 999 | |c 81850 |d 81850 | ||